[Event "GLOCAL SQUARE 53rd National Challengers Chess Cham"]
[Site "Naivedhyam Celebration Centre, Nagpur"]
[Date "2015.08.18"]
[Round "2"]
[Board "5"]
[White "Shyam, Sundar M."]
[Black "Matta, Vinay Kumar"]
[Result "1-0"]
[WhiteElo "2499"]
[BlackElo "2204"]
[PlyCount "81"]
[EventDate "2015.08.17"]
[EventRounds "13"]
[EventCountry "IND"]

1. e4 e5 2. Nf3 Nc6 3. Bb5 a6 4. Ba4 Nf6 5. O-O Be7 6. d3 d6 7. c3 O-O 8. Re1
b5 9. Bc2 Bg4 10. h3 Bxf3 11. Qxf3 Nd7 12. a4 b4 13. a5 Nc5 14. Nd2 Rb8 15. Nc4
bxc3 16. bxc3 Nb3 17. Ra2 Rb5 18. Be3 Qd7 19. Rb1 Rfb8 20. Qd1 Nc5 21. Bxc5
Rxb1 22. Bxb1 dxc5 23. Bc2 Qe6 24. Bb3 Bf6 25. Rb2 Qc8 26. Qb1 g6 27. Ba4 Rxb2
28. Qxb2 Nd8 29. Ne3 Ne6 30. Bc6 Nf4 31. Qb7 Qd8 32. Qxa6 Kg7 33. Nd5 Bh4 34.
Nxf4 exf4 35. Qc4 f3 36. Qxc5 Kg8 37. a6 Qxd3 38. a7 Bxf2+ 39. Qxf2 Qd1+ 40.
Qf1 f2+ 41. Kxf2 1-0

[Event "GLOCAL SQUARE 53rd National Challengers Chess Cham"]
[Site "Naivedhyam Celebration Centre, Nagpur"]
[Date "2015.08.18"]
[Round "2"]
[Board "6"]
[White "Dhananjay, S"]
[Black "Venkatesh, M.R."]
[Result "0-1"]
[WhiteElo "2199"]
[BlackElo "2484"]
[PlyCount "68"]
[EventDate "2015.08.17"]
[EventRounds "13"]
[EventCountry "IND"]

1. e4 c5 2. Nf3 Nc6 3. d4 cxd4 4. Nxd4 Nf6 5. Nc3 d6 6. Bg5 e6 7. Nb3 a6 8. Qe2
Be7 9. O-O-O Qc7 10. g4 b5 11. a3 Bb7 12. f4 h6 13. Bh4 g5 14. fxg5 Nd7 15. Bg3
hxg5 16. Qd2 Nce5 17. Be2 Rc8 18. Qd4 Nf6 19. Rd2 Qb8 20. Re1 Rxc3 21. bxc3
Nxe4 22. Bxb5+ axb5 23. Rxe4 Bxe4 24. Qxe4 Nc4 25. Rf2 Qa7 26. Qc6+ Kf8 27. Nd4
Kg7 28. Qf3 Qxa3+ 29. Kd1 Rf8 30. Nxb5 Qa1+ 31. Ke2 Qa6 32. Nc7 Qa4 33. Qe4 d5
34. Nxe6+ fxe6 0-1

[Event "GLOCAL SQUARE 53rd National Challengers Chess Cham"]
[Site "Naivedhyam Celebration Centre, Nagpur"]
[Date "2015.08.18"]
[Round "2"]
[Board "7"]
[White "Thejkumar, M. S."]
[Black "Shetty, Rahul"]
[Result "0-1"]
[WhiteElo "2479"]
[BlackElo "2192"]
[PlyCount "72"]
[EventDate "2015.08.17"]
[EventRounds "13"]
[EventCountry "IND"]

1. d4 Nf6 2. Nf3 e6 3. c4 d5 4. Nc3 Be7 5. Bf4 O-O 6. e3 c6 7. Bd3 dxc4 8. Bxc4
Nd5 9. O-O Nxf4 10. exf4 Nd7 11. Re1 Nb6 12. Bb3 c5 13. dxc5 Bxc5 14. Ne5 Bb4
15. Qf3 Nd7 16. Rad1 Nxe5 17. fxe5 Qa5 18. Re4 Be7 19. h4 Rd8 20. Rxd8+ Bxd8
21. Qd3 Be7 22. h5 Rb8 23. Bc2 g6 24. a3 b5 25. hxg6 hxg6 26. Qg3 Bd7 27. Rf4
Be8 28. Ne4 Qe1+ 29. Kh2 Rc8 30. Nf6+ Bxf6 31. exf6 Rxc2 32. Qg5 Qd1 33. Rh4
Qd6+ 34. Kh3 Qf8 35. Rh6 Rc5 36. Qh4 Qxh6 0-1

[Event "GLOCAL SQUARE 53rd National Challengers Chess Cham"]
[Site "Naivedhyam Celebration Centre, Nagpur"]
[Date "2015.08.18"]
[Round "2"]
[Board "8"]
[White "Lokesh, N."]
[Black "Swapnil, S. Dhopade"]
[Result "1-0"]
[WhiteElo "2189"]
[BlackElo "2458"]
[PlyCount "73"]
[EventDate "2015.08.17"]
[EventRounds "13"]
[EventCountry "IND"]

1. e4 c5 2. Nf3 e6 3. d4 cxd4 4. Nxd4 Nc6 5. c4 Nf6 6. Nc3 Bb4 7. Nxc6 bxc6 8.
Bd3 e5 9. O-O d6 10. Qa4 Bxc3 11. bxc3 Qc7 12. c5 dxc5 13. Be3 Nd7 14. Qa3 O-O
15. Rfd1 Rb8 16. Rd2 h6 17. Rad1 Re8 18. h3 Kh7 19. Be2 Rb6 20. Bc4 Re7 21. Rd6
Qb7 22. Qc1 f6 23. Be6 Ra6 24. Bf5+ Kg8 25. Qd2 Nf8 26. Rd8 Bxf5 27. exf5 Rf7
28. Bxc5 Qc7 29. Qe2 Ra4 30. Re8 Qa5 31. Bb4 Rxb4 32. cxb4 Qxb4 33. Rdd8 Kh7
34. Qc2 h5 35. Qb3 Qc5 36. g3 Kg8 37. Rxf8+ 1-0

[Event "GLOCAL SQUARE 53rd National Challengers Chess Cham"]
[Site "Naivedhyam Celebration Centre, Nagpur"]
[Date "2015.08.18"]
[Round "2"]
[Board "9"]
[White "Neelotpal, Das"]
[Black "Rao J., Malleswara"]
[Result "1-0"]
[WhiteElo "2448"]
[BlackElo "2187"]
[PlyCount "52"]
[EventDate "2015.08.17"]
[EventRounds "13"]
[EventCountry "IND"]

1. e4 c5 2. Nf3 Nc6 3. Bb5 g6 4. Bxc6 dxc6 5. d3 Bg7 6. Nc3 Nf6 7. Be3 b6 8.
Qd2 Bg4 9. Ng1 Qc7 10. h3 Bc8 11. Bh6 O-O 12. Nge2 e5 13. Bxg7 Kxg7 14. f4 exf4
15. Nxf4 Qe5 16. O-O-O Be6 17. g4 Rad8 18. g5 Ng8 19. Rhg1 f6 20. Rdf1 Bc8 21.
h4 f5 22. Qh2 Rde8 23. h5 fxe4 24. hxg6 hxg6 25. Rh1 Bh3 26. Qxh3 Rxf4 1-0

[Event "GLOCAL SQUARE 53rd National Challengers Chess Cham"]
[Site "Naivedhyam Celebration Centre, Nagpur"]
[Date "2015.08.18"]
[Round "2"]
[Board "10"]
[White "Ramnathan, Balasubramaniam"]
[Black "Swayams, Mishra"]
[Result "1/2-1/2"]
[WhiteElo "2181"]
[BlackElo "2446"]
[PlyCount "131"]
[EventDate "2015.08.17"]
[EventRounds "13"]
[EventCountry "IND"]

1. Nf3 Nf6 2. g3 b6 3. Bg2 Bb7 4. O-O c5 5. d3 g6 6. e4 d6 7. Nbd2 Bg7 8. Re1
O-O 9. e5 dxe5 10. Nxe5 Bxg2 11. Kxg2 e6 12. Qf3 Nbd7 13. Ndc4 Nxe5 14. Nxe5
Qd5 15. Bd2 Rac8 16. a3 Rfd8 17. Rad1 Qxf3+ 18. Kxf3 Nd5 19. Bc1 Ne7 20. Kg2
Nf5 21. Nf3 Nd4 22. c3 Nb3 23. Bf4 Rd5 24. Kf1 Rcd8 25. Ke2 e5 26. Be3 f5 27.
Ng5 Re8 28. f4 exf4 29. gxf4 Bf6 30. Rg1 Nd4+ 31. Kf2 Bxg5 32. Rxg5 Ne6 33.
Rgg1 Red8 34. Ke2 R5d7 35. Rd2 Re8 36. Kf3 Nc7 37. Re1 Red8 38. Red1 Nd5 39.
Bf2 a5 40. Bh4 Re8 41. c4 Nc7 42. d4 Ne6 43. Bf2 cxd4 44. Bxd4 Red8 45. Ke3
Nxd4 46. Rxd4 Re7+ 47. Kf3 Rxd4 48. Rxd4 Re1 49. Rd6 Rc1 50. Rxb6 Rxc4 51. b3
Rc3+ 52. Kf2 Kg7 53. Rb5 a4 54. bxa4 Kh6 55. Rb7 Rc4 56. Kg3 Rxa4 57. Rb3 Kh5
58. Rd3 Rc4 59. Rf3 Rc1 60. Rd3 h6 61. Rf3 Ra1 62. Kh3 Rg1 63. Rf2 Rc1 64. Kg3
Rc3+ 65. Rf3 Rc5 66. a4 1/2-1/2

[Event "GLOCAL SQUARE 53rd National Challengers Chess Cham"]
[Site "Naivedhyam Celebration Centre, Nagpur"]
[Date "2015.08.18"]
[Round "2"]
[Board "11"]
[White "Das, Sayantan"]
[Black "Varun, V"]
[Result "1/2-1/2"]
[WhiteElo "2444"]
[BlackElo "2171"]
[PlyCount "101"]
[EventDate "2015.08.17"]
[EventRounds "13"]
[EventCountry "IND"]

1. e4 c5 2. Nf3 g6 3. d4 cxd4 4. Nxd4 Nc6 5. c4 Nf6 6. Nc3 d6 7. Nc2 Bg7 8. Be2
O-O 9. O-O Nd7 10. Be3 Nc5 11. f3 a5 12. Qd2 a4 13. Rab1 Qa5 14. Nd4 Nxd4 15.
Bxd4 Be6 16. Bxg7 Kxg7 17. f4 f6 18. Qe3 Nd7 19. Kh1 Qc5 20. Qd3 Rfc8 21. Nd5
Nb6 22. Rbc1 Bxd5 23. exd5 Rc7 24. Rfd1 Qb4 25. Rc2 Re8 26. Qe4 Qc5 27. Bd3 Nd7
28. Qe1 f5 29. b4 axb3 30. axb3 Nf6 31. b4 Qb6 32. Re2 Kf7 33. Re6 Qd4 34. g3
Ra8 35. Re2 Ra3 36. Bxf5 Qxc4 37. Rc2 Rc3 38. Rxc3 Qxc3 39. Be6+ Kg7 40. Qxc3
Rxc3 41. Rd4 Rc2 42. g4 h5 43. g5 Ng4 44. h3 Ne3 45. Rd3 Nf5 46. Bxf5 gxf5 47.
Re3 Kf7 48. g6+ Kxg6 49. Rxe7 Rc4 50. Rxb7 Rxf4 51. Rb6 1/2-1/2

[Event "GLOCAL SQUARE 53rd National Challengers Chess Cham"]
[Site "Naivedhyam Celebration Centre, Nagpur"]
[Date "2015.08.18"]
[Round "2"]
[Board "12"]
[White "Rajdeep, Sarkar"]
[Black "Ramnath, Bhuvanesh.R"]
[Result "1/2-1/2"]
[WhiteElo "2154"]
[BlackElo "2431"]
[PlyCount "50"]
[EventDate "2015.08.17"]
[EventRounds "13"]
[EventCountry "IND"]

1. d4 Nf6 2. Nf3 g6 3. Nbd2 Bg7 4. e4 d6 5. g3 O-O 6. Bg2 Nbd7 7. O-O e5 8. c3
Re8 9. Re1 b6 10. a4 a6 11. b3 Bb7 12. Qc2 exd4 13. cxd4 c5 14. Bb2 cxd4 15.
Nxd4 Rc8 16. Qb1 d5 17. exd5 Bxd5 18. Rxe8+ Qxe8 19. Bxd5 Nxd5 20. Nc4 Qe7 21.
Qd1 N7f6 22. Qf3 Qe4 23. Rd1 h5 24. Qxe4 Nxe4 25. Ne2 Bxb2 1/2-1/2

[Event "GLOCAL SQUARE 53rd National Challengers Chess Cham"]
[Site "Naivedhyam Celebration Centre, Nagpur"]
[Date "2015.08.18"]
[Round "2"]
[Board "13"]
[White "Karthikeyan, P."]
[Black "Arjun, Kalyan"]
[Result "1/2-1/2"]
[WhiteElo "2426"]
[BlackElo "2149"]
[PlyCount "50"]
[EventDate "2015.08.17"]
[EventRounds "13"]
[EventCountry "IND"]

1. e4 e5 2. Nc3 Nf6 3. g3 Bb4 4. Bg2 O-O 5. Nge2 c6 6. d4 d5 7. exd5 exd4 8.
Qxd4 Nxd5 9. Bxd5 Qxd5 10. Qxd5 cxd5 11. O-O Bxc3 12. Nxc3 d4 13. Nb5 Nc6 14.
Bf4 Bf5 15. Rfc1 b6 16. c3 Rfd8 17. Nxd4 Nxd4 18. cxd4 Rxd4 19. Be3 Rd7 20. Rd1
Rxd1+ 21. Rxd1 h6 22. f3 Rc8 23. Rc1 Rxc1+ 24. Bxc1 Be6 25. a3 Kf8 1/2-1/2

[Event "GLOCAL SQUARE 53rd National Challengers Chess Cham"]
[Site "Naivedhyam Celebration Centre, Nagpur"]
[Date "2015.08.18"]
[Round "2"]
[Board "14"]
[White "Anilkumar, O.T."]
[Black "Laxman, R.R."]
[Result "0-1"]
[WhiteElo "2144"]
[BlackElo "2425"]
[PlyCount "83"]
[EventDate "2015.08.17"]
[EventRounds "13"]
[EventCountry "IND"]

1. d4 Nf6 2. Bf4 g6 3. e3 Bg7 4. Nf3 d6 5. Be2 O-O 6. h3 b6 7. Nbd2 Bb7 8. O-O
Nbd7 9. c3 Re8 10. Bh2 e5 11. b4 e4 12. Ne1 Nf8 13. a4 a6 14. c4 Ne6 15. a5 h5
16. axb6 cxb6 17. Rb1 d5 18. c5 b5 19. Ra1 Qd7 20. Ra3 Nh7 21. f3 f5 22. Bd6
Nhg5 23. f4 Nf7 24. Be5 Nxe5 25. fxe5 f4 26. Nb3 fxe3 27. Nc2 Rf8 28. Nxe3
Rxf1+ 29. Nxf1 Rf8 30. Qe1 Bh6 31. Ra2 Qf7 32. Rc2 Bc8 33. Rc3 Nf4 34. Ne3 Bg5
35. Bf1 h4 36. Be2 Qe7 37. Nc1 Ne6 38. Bg4 Nxd4 39. Bxc8 Rxc8 40. Nxd5 Qxe5 41.
Ne3 Nc6 42. Nc2 0-1

[Event "GLOCAL SQUARE 53rd National Challengers Chess Cham"]
[Site "Naivedhyam Celebration Centre, Nagpur"]
[Date "2015.08.18"]
[Round "2"]
[Board "15"]
[White "Shyaamnikhil, P"]
[Black "Gajwa, Ankit"]
[Result "1/2-1/2"]
[WhiteElo "2420"]
[BlackElo "2143"]
[PlyCount "50"]
[EventDate "2015.08.17"]
[EventRounds "13"]
[EventCountry "IND"]

1. e4 e5 2. Nf3 Nc6 3. Bc4 Nf6 4. d3 Be7 5. Nc3 O-O 6. h3 d6 7. a4 Be6 8. Bg5
Nd4 9. Bxf6 Bxf6 10. O-O Nxf3+ 11. Qxf3 c6 12. Ne2 Qe7 13. c3 g6 14. Bxe6 Qxe6
15. Qe3 Bg7 16. f4 f5 17. exf5 Qxf5 18. fxe5 Qxe5 19. Rxf8+ Rxf8 20. Qxe5 Bxe5
21. d4 Bg7 22. Rf1 Rxf1+ 23. Kxf1 Kf7 24. Kf2 Bh6 25. Kf3 Ke6 1/2-1/2

[Event "GLOCAL SQUARE 53rd National Challengers Chess Cham"]
[Site "Naivedhyam Celebration Centre, Nagpur"]
[Date "2015.08.18"]
[Round "2"]
[Board "16"]
[White "Deepak, Katiyar"]
[Black "Himanshu, Sharma"]
[Result "0-1"]
[WhiteElo "2142"]
[BlackElo "2417"]
[PlyCount "92"]
[EventDate "2015.08.17"]
[EventRounds "13"]
[EventCountry "IND"]

1. e4 g6 2. d4 Bg7 3. Nc3 d6 4. Be3 a6 5. a4 b6 6. f4 Nd7 7. e5 Bb7 8. Nf3 e6
9. Bd3 Nh6 10. Ne4 Ng4 11. Bg1 O-O 12. h3 Nh6 13. Bf2 dxe5 14. dxe5 f6 15. exf6
Nxf6 16. Neg5 Nh5 17. Nxe6 Qe8 18. Bc4 Nxf4 19. O-O Nxe6 20. Re1 Rd8 21. Bxe6+
Kh8 22. Qe2 Bxb2 23. Bd4+ Bxd4+ 24. Nxd4 Qe7 25. Rad1 c5 26. Nb3 Rxd1 27. Rxd1
Qf6 28. Bd5 Bxd5 29. Rxd5 a5 30. Re5 Nf5 31. Re6 Qd8 32. Kh2 Qc7+ 33. Qe5+
Qxe5+ 34. Rxe5 Kg7 35. Nd2 Kf6 36. Re1 Nd6 37. Ne4+ Nxe4 38. Rxe4 Rd8 39. Rf4+
Ke6 40. Rf1 Rd4 41. c3 Rd6 42. Kg1 Kd5 43. Rd1+ Kc6 44. Rf1 b5 45. axb5+ Kxb5
46. Ra1 Rf6 0-1

[Event "GLOCAL SQUARE 53rd National Challengers Chess Cham"]
[Site "Naivedhyam Celebration Centre, Nagpur"]
[Date "2015.08.18"]
[Round "2"]
[Board "17"]
[White "Rathnakaran, K."]
[Black "Tiwari, Arjun"]
[Result "1-0"]
[WhiteElo "2417"]
[BlackElo "2142"]
[PlyCount "142"]
[EventDate "2015.08.17"]
[EventRounds "13"]
[EventCountry "IND"]

1. e4 c5 2. Nf3 Nc6 3. Bb5 g6 4. O-O Bg7 5. Re1 e5 6. Bxc6 dxc6 7. h3 Qe7 8. d3
Nf6 9. Be3 Nd7 10. Nbd2 Nf8 11. a4 Ne6 12. a5 O-O 13. Nc4 Nd4 14. Nfd2 Be6 15.
f4 Bxc4 16. Nxc4 Rad8 17. fxe5 Bxe5 18. c3 Nb5 19. Nxe5 Qxe5 20. Bh6 Rfe8 21.
Re3 Rd7 22. Qg4 Qe6 23. Qg3 Nd6 24. Rf1 c4 25. dxc4 Nxe4 26. Qh4 f5 27. g4 Rf7
28. Rfe1 Qe7 29. Qxe7 Rfxe7 30. gxf5 gxf5 31. Rd3 Kf7 32. Rf1 Ke6 33. Kh2 Rg8
34. Be3 Rg3 35. Rg1 Rf3 36. Rgd1 a6 37. c5 Rg7 38. Bd4 Rxd3 39. Rxd3 Rd7 40.
Rf3 Rf7 41. Rf4 Kd5 42. b3 Nd2 43. b4 Ne4 44. Kg2 Kc4 45. Be5 Kd3 46. h4 h5 47.
Rf3+ Ke2 48. Bd4 f4 49. Be5 Rf5 50. Bxf4 Nxc3 51. Re3+ Kd1 52. Bg5 Nd5 53. Rf3
Rxf3 54. Kxf3 Nxb4 55. Ke4 Ke2 56. Kf5 Kf3 57. Be7 Nd5 58. Bd6 Ne3+ 59. Kg5 Ke4
60. Kxh5 Kf5 61. Be7 Nc4 62. Kh6 Nxa5 63. h5 Nc4 64. Kg7 Ne5 65. h6 a5 66. h7
Ng6 67. Bf6 a4 68. Kf7 a3 69. Kg7 a2 70. Kf7 Ne5+ 71. Bxe5 Kxe5 1-0

[Event "GLOCAL SQUARE 53rd National Challengers Chess Cham"]
[Site "Naivedhyam Celebration Centre, Nagpur"]
[Date "2015.08.18"]
[Round "2"]
[Board "18"]
[White "Thanki, Hemal Karsanji"]
[Black "Ravi, Teja S."]
[Result "0-1"]
[WhiteElo "2140"]
[BlackElo "2416"]
[PlyCount "104"]
[EventDate "2015.08.17"]
[EventRounds "13"]
[EventCountry "IND"]

1. e4 c6 2. d4 d5 3. e5 Bf5 4. h4 h5 5. c4 e6 6. Nc3 Ne7 7. Nge2 dxc4 8. Ng3
Bg6 9. Bxc4 Nf5 10. Bg5 Be7 11. Bxe7 Qxe7 12. Nxf5 Bxf5 13. Bd3 Nd7 14. Bxf5
exf5 15. Qc2 Qe6 16. O-O O-O 17. Ne2 Nb6 18. Nf4 Qd7 19. Nxh5 Qxd4 20. Qxf5
Qxh4 21. g3 g6 22. Nf6+ Kg7 23. gxh4 gxf5 24. Kh2 Rh8 25. Rg1+ Kf8 26. h5 Ke7
27. Rad1 Ke6 28. f4 Nd5 29. Rg5 Nxf4 30. Rf1 Kxe5 31. Nd7+ Ke6 32. Nc5+ Kf6 33.
Ne4+ fxe4 34. Rc5 Ke6 35. Rxf4 Kd6 36. Rg5 e3 37. Rf6+ Ke7 38. Rf3 Rae8 39.
Rxe3+ Kf6 40. Rxe8 Rxe8 41. Ra5 a6 42. Kg3 Re5 43. Rxe5 Kxe5 44. Kg4 Kf6 45.
Kf4 a5 46. b3 b5 47. a3 c5 48. Ke4 Kg5 49. Kd5 f5 50. Kxc5 f4 51. h6 Kxh6 52.
Kd4 Kg5 0-1

[Event "GLOCAL SQUARE 53rd National Challengers Chess Cham"]
[Site "Naivedhyam Celebration Centre, Nagpur"]
[Date "2015.08.18"]
[Round "2"]
[Board "19"]
[White "Nitin, S."]
[Black "Bartakke, Amardeep S."]
[Result "1-0"]
[WhiteElo "2404"]
[BlackElo "2139"]
[PlyCount "74"]
[EventDate "2015.08.17"]
[EventRounds "13"]
[EventCountry "IND"]

1. e4 c5 2. Nf3 d6 3. d4 cxd4 4. Qxd4 Nc6 5. Qe3 Nf6 6. h3 g6 7. Be2 Bg7 8. O-O
O-O 9. c4 Bd7 10. Nc3 Rc8 11. Rb1 Qa5 12. Rd1 a6 13. a3 b5 14. b4 Qc7 15. cxb5
Na7 16. b6 Qxc3 17. bxa7 Nxe4 18. Bxa6 Qc2 19. Bd2 Nxd2 20. Nxd2 Rc3 21. Qxe7
Bc6 22. Bb7 Qa4 23. Qxf8+ Kxf8 24. a8=Q+ Qxa8 25. Bxa8 Bxa8 26. a4 Ra3 27. a5
Bd5 28. Rbc1 Bh6 29. Rc8+ Ke7 30. Nc4 Be6 31. Rc7+ Kd8 32. Nxa3 Kxc7 33. Nb5+
Kc6 34. Nd4+ Kc7 35. Nxe6+ fxe6 36. b5 d5 37. Ra1 Bg7 1-0

[Event "GLOCAL SQUARE 53rd National Challengers Chess Cham"]
[Site "Naivedhyam Celebration Centre, Nagpur"]
[Date "2015.08.18"]
[Round "2"]
[Board "21"]
[White "Anurag, Mhamal"]
[Black "Rakesh, Kumar Jena"]
[Result "1/2-1/2"]
[WhiteElo "2393"]
[BlackElo "2126"]
[PlyCount "46"]
[EventDate "2015.08.17"]
[EventRounds "13"]
[EventCountry "IND"]

1. Nf3 c5 2. b3 Nc6 3. Bb2 Nf6 4. c4 e6 5. e3 Be7 6. d4 cxd4 7. exd4 d5 8. Nbd2
dxc4 9. bxc4 O-O 10. Be2 b6 11. O-O Bb7 12. Rc1 Rc8 13. Bd3 Qd6 14. Qe2 Rfd8
15. Rfe1 Qf4 16. a3 Bd6 17. Bb1 Qh6 18. g3 Na5 19. h4 Qh5 20. Ba2 Qg4 21. Bb1
Qh5 22. Ba2 Qg4 23. Bb1 Qh5 1/2-1/2

[Event "GLOCAL SQUARE 53rd National Challengers Chess Cham"]
[Site "Naivedhyam Celebration Centre, Nagpur"]
[Date "2015.08.18"]
[Round "2"]
[Board "22"]
[White "Aradhya, Garg"]
[Black "Stany, G.A."]
[Result "1-0"]
[WhiteElo "2129"]
[BlackElo "2392"]
[PlyCount "77"]
[EventDate "2015.08.17"]
[EventRounds "13"]
[EventCountry "IND"]

1. d4 g6 2. Nf3 Bg7 3. Bg5 Nf6 4. Nbd2 d5 5. e3 O-O 6. c3 b6 7. Bd3 Bb7 8. Qb1
Nbd7 9. O-O c5 10. b4 cxd4 11. cxd4 h6 12. Bh4 g5 13. Bg3 Nh5 14. Rc1 Nxg3 15.
hxg3 g4 16. Ne1 e6 17. a4 a6 18. a5 b5 19. Ra2 h5 20. Rac2 Bf6 21. Be2 Kg7 22.
Nd3 Rh8 23. Nb3 Be7 24. Rc7 Rb8 25. Ne5 Nxe5 26. dxe5 h4 27. Bxg4 hxg3 28. fxg3
Bc8 29. Nd4 Bd7 30. Rxd7 Qxd7 31. Bxe6 Qa7 32. Bxf7 Kxf7 33. Qf5+ Kg7 34. Rc7
Qxc7 35. Ne6+ Kh6 36. Qh3+ Kg6 37. Qg4+ Kh6 38. Qg7+ Kh5 39. Nf4# 1-0

[Event "GLOCAL SQUARE 53rd National Challengers Chess Cham"]
[Site "Naivedhyam Celebration Centre, Nagpur"]
[Date "2015.08.18"]
[Round "2"]
[Board "23"]
[White "Krishna, C.R.G."]
[Black "Sai Agni Jeevitesh, J"]
[Result "1-0"]
[WhiteElo "2385"]
[BlackElo "2113"]
[PlyCount "54"]
[EventDate "2015.08.17"]
[EventRounds "13"]
[EventCountry "IND"]

1. d4 d5 2. Nf3 e6 3. g3 c5 4. Bg2 Nc6 5. O-O Nf6 6. b3 cxd4 7. Nxd4 Bc5 8. Bb2
O-O 9. c4 Bxd4 10. Bxd4 dxc4 11. Bc5 Qxd1 12. Rxd1 Rd8 13. Na3 Rxd1+ 14. Rxd1
Bd7 15. Nxc4 h6 16. b4 Be8 17. b5 Nd8 18. Be7 Bxb5 19. Na3 Nc6 20. Bxf6 Ba4 21.
Rc1 gxf6 22. Rc4 Bd1 23. Kf1 Rd8 24. Bxc6 bxc6 25. Ke1 Rd5 26. Nb1 Ra5 27. Kxd1
Rxa2 1-0

[Event "GLOCAL SQUARE 53rd National Challengers Chess Cham"]
[Site "Naivedhyam Celebration Centre, Nagpur"]
[Date "2015.08.18"]
[Round "2"]
[Board "25"]
[White "Roy Chowdhury, Saptarshi"]
[Black "Praggnanandhaa, R"]
[Result "1/2-1/2"]
[WhiteElo "2373"]
[BlackElo "2104"]
[PlyCount "63"]
[EventDate "2015.08.17"]
[EventRounds "13"]
[EventCountry "IND"]

1. e4 e5 2. Nf3 Nc6 3. Bc4 Nf6 4. d3 Bc5 5. c3 a6 6. Bb3 Ba7 7. O-O O-O 8. h3
h6 9. Nbd2 d6 10. Re1 Re8 11. Nf1 Be6 12. N3h2 Bxb3 13. axb3 Ne7 14. Ng3 Qd7
15. Qf3 Qe6 16. b4 Rf8 17. Ng4 Nh7 18. Nf5 h5 19. Nge3 g6 20. Nxe7+ Qxe7 21.
Nd5 Qd8 22. Bh6 Re8 23. Be3 Bxe3 24. Nxe3 Ng5 25. Qe2 Ne6 26. g3 c6 27. h4 Qf6
28. Kg2 Rad8 29. Qf3 Qxf3+ 30. Kxf3 Kg7 31. Ke2 Rf8 32. Rf1 1/2-1/2

[Event "GLOCAL SQUARE 53rd National Challengers Chess Cham"]
[Site "Naivedhyam Celebration Centre, Nagpur"]
[Date "2015.08.18"]
[Round "2"]
[Board "30"]
[White "Joshi, Govind Ballabh"]
[Black "Girinath, P.D.S."]
[Result "1/2-1/2"]
[WhiteElo "2098"]
[BlackElo "2338"]
[PlyCount "50"]
[EventDate "2015.08.17"]
[EventRounds "13"]
[EventCountry "IND"]

1. e4 c5 2. c3 e6 3. d4 d5 4. exd5 exd5 5. Nf3 Nc6 6. Bb5 Bd6 7. O-O Nge7 8.
dxc5 Bxc5 9. Nbd2 O-O 10. Nb3 Bb6 11. Bd3 Qd6 12. Re1 Nf5 13. Bxf5 Bxf5 14. Be3
Rfe8 15. Bxb6 axb6 16. Nfd4 Be4 17. Nb5 Qd7 18. Nd2 Bd3 19. Nd4 Nxd4 20. cxd4
Rxe1+ 21. Qxe1 Re8 22. Qd1 Qb5 23. Nb3 Bc4 24. Qc2 g6 25. Qc3 Re2 1/2-1/2

[Event "GLOCAL SQUARE 53rd National Challengers Chess Cham"]
[Site "Naivedhyam Celebration Centre, Nagpur"]
[Date "2015.08.18"]
[Round "2"]
[Board "31"]
[White "Pradip, Tiwari"]
[Black "Mehar, Chinna Reddy C.H."]
[Result "1-0"]
[WhiteElo "2073"]
[BlackElo "2327"]
[PlyCount "55"]
[EventDate "2015.08.17"]
[EventRounds "13"]
[EventCountry "IND"]

1. e4 c5 2. Nf3 d6 3. d4 cxd4 4. Qxd4 Nc6 5. Bb5 Bd7 6. Bxc6 Bxc6 7. Nc3 Nf6 8.
Bg5 e6 9. O-O-O Be7 10. Qd3 O-O 11. Kb1 Qa5 12. h4 Rfc8 13. Nd4 Be8 14. f4 h6
15. Bxf6 Bxf6 16. g4 Be7 17. g5 h5 18. f5 Qe5 19. Rhe1 Rd8 20. Nd5 exd5 21.
exd5 Qxd5 22. Rxe7 Rac8 23. Qe2 Rc4 24. g6 Kf8 25. gxf7 Bxf7 26. Rxf7+ Kxf7 27.
Qe6+ Kf8 28. f6 1-0

[Event "GLOCAL SQUARE 53rd National Challengers Chess Cham"]
[Site "Naivedhyam Celebration Centre, Nagpur"]
[Date "2015.08.18"]
[Round "3"]
[Board "1"]
[White "Hemant, Sharma (del)"]
[Black "Sengupta, Deep"]
[Result "0-1"]
[WhiteElo "2270"]
[BlackElo "2594"]
[PlyCount "72"]
[EventDate "2015.08.17"]
[EventRounds "13"]
[EventCountry "IND"]

1. e4 c5 2. Nc3 Nc6 3. g3 g6 4. Bg2 Bg7 5. d3 d6 6. Nge2 e6 7. O-O Nge7 8. Bg5
h6 9. Be3 Nd4 10. Qd2 Rb8 11. Nd1 b5 12. Nc1 b4 13. c3 bxc3 14. bxc3 Ndc6 15.
Ne2 Ba6 16. f4 f5 17. Nf2 O-O 18. g4 Qb6 19. Rac1 d5 20. exd5 exd5 21. Qc2 Kh8
22. h3 Rbe8 23. Ng3 fxg4 24. hxg4 d4 25. cxd4 cxd4 26. Bd2 Nb4 27. Bxb4 Qxb4
28. Nfe4 Bc8 29. Rb1 Qa3 30. Rb3 Qa6 31. f5 gxf5 32. gxf5 Nxf5 33. Nxf5 Bxf5
34. Ng3 Bg6 35. Rxf8+ Rxf8 36. Be4 Be5 0-1

[Event "GLOCAL SQUARE 53rd National Challengers Chess Cham"]
[Site "Naivedhyam Celebration Centre, Nagpur"]
[Date "2015.08.18"]
[Round "3"]
[Board "2"]
[White "Lalith, Babu M.R."]
[Black "Gurpreet, Singh Maras"]
[Result "1/2-1/2"]
[WhiteElo "2570"]
[BlackElo "2245"]
[PlyCount "141"]
[EventDate "2015.08.17"]
[EventRounds "13"]
[EventCountry "IND"]

1. d4 Nf6 2. c4 e6 3. Nf3 b6 4. g3 Bb7 5. Bg2 Bb4+ 6. Nbd2 O-O 7. O-O a5 8. Qc2
Bxd2 9. Bxd2 Be4 10. Qc3 d6 11. Rad1 Nbd7 12. Bc1 Qb8 13. Rfe1 b5 14. b3 bxc4
15. bxc4 Qb4 16. Bd2 Rfb8 17. Qa1 Qa4 18. Bf4 Ra6 19. Nd2 Bxg2 20. Kxg2 Rab6
21. Rb1 h6 22. h3 Rb4 23. Rxb4 Rxb4 24. Qc3 Rb7 25. e4 Qxa2 26. Ra1 Qb2 27.
Qxb2 Rxb2 28. Rxa5 c5 29. Ra8+ Kh7 30. d5 e5 31. Be3 Nb6 32. Rd8 Rxd2 33. Bxd2
Nxc4 34. Be1 Nxe4 35. Ra8 Nf6 36. Ra4 Nb6 37. Ra1 Kg6 38. Kf3 Nfxd5 39. Ba5 Kf5
40. Ke2 Ke6 41. Kd3 f5 42. Bxb6 Nxb6 43. Ra6 e4+ 44. Kd2 Nc4+ 45. Ke2 g5 46.
Ra7 Ne5 47. Ke3 Kf6 48. Ra4 h5 49. Ra8 Nc4+ 50. Ke2 f4 51. gxf4 gxf4 52. f3 e3
53. Rf8+ Ke5 54. Re8+ Kd4 55. Re4+ Kc3 56. Rxf4 d5 57. Rf5 Nb6 58. Re5 c4 59.
Rxe3+ Kd4 60. Re6 Na4 61. f4 Nc3+ 62. Kd2 Ne4+ 63. Kc2 Ng3 64. h4 Nf5 65. Re5
Nxh4 66. Rxh5 Ng2 67. f5 Ke5 68. Kc3 Nf4 69. f6+ Kxf6 70. Rxd5 Nxd5+ 71. Kxc4
 1/2-1/2